Rappers by clue - Statistics

General Stats
  • This quiz has been taken 197 times
  • The average score is 7 of 20
Answer Stats
Hint Answer % Correct
Quavo, Offset and Takeoff Migos
86%
Skittle hair and teeth 6ix9ine
77%
Sosa Chief Keef
76%
Revenge XXXTentacion
62%
Trapper of the century Lil Pump
59%
Issa knife 21 Savage
58%
Lil 14 Trippie Redd
51%
His ex is called Brittany Lil Uzi Vert
38%
Thank you Based God Lil B
29%
Teenage Emotions Lil Yachty
29%
Aye! $ki Mask The Slump God
24%
Brown boy from the Rex NAV
19%
ZooVier Fetty Wap
11%
Replaces o’s with x’s Scarlxrd
11%
400 YG
9%
Young Jefe Shy Glizzy
7%
Marsupial Superstars SahBabii
3%
Boochie Gang Lud Foe
1%
FGE CEO Montana Of 300
1%
Bodmon Ramriddlz
1%
No matching quizzes found
Score Distribution
Percent of People with Each Score
Percentile by Number Answered
Your Score History
You have not taken this quiz